| 000 | 01408nam2a22003131 4500 | ||
|---|---|---|---|
| 001 | v19\rc\2004502 | ||
| 005 | 20251118181322.2 | ||
| 035 | _a(NLR Aleph) 005079694 | ||
| 090 |
_a7183326 _c7183326 |
||
| 100 | _a20080811d1914 u y0rusy50 ca | ||
| 101 | 1 |
_arus _ceng |
|
| 102 | _aRU | ||
| 105 | _ay z |||a| | ||
| 200 | 1 |
_aЛюбовь к жизни _eРассказы _fПер. с англ. А.Н. Кудрявцевой |
|
| 210 | _d1914 | ||
| 215 | _a200 с. | ||
| 316 |
_aЭкз. РНБ (129/5357): деф.: отсутствует обл. _5NLR: 129/5357 |
||
| 461 | 0 |
_1001v19\rc\2004487 _12001#$a... Собрание сочинений$fДжэк Лондон$gС предисл. Леонида Андреева$gПер. с англ. под ред. А.Н. Кудрявцевой. [Т. 1-18]$vТ. 14 _1700#1$3RU\NLR\AUTH\777462$7ca$aЛондон$bД.$f1876-1916$gДжек _95997705 _aЛондон, Д. (1876-1916) _cСанкт-Петербург _d[1912]-[1915] _fДжэк Лондон _n"Прометей" Н.Н. Михайлова _p19 т. _tСобрание сочинений _vТ. 14 |
|
| 702 | 1 |
_aКудрявцева _bА.Н. _4730 |
|
| 801 | 0 |
_aRU _bNLR _gpsbo |
|
| 801 | 0 |
_aRU _bRuMoRGB _2psbo |
|
| 801 | 1 |
_aRU _bProSoft-M _2rusmarc |
|
| 852 |
_aNLR _j129/5357 |
||
| 852 |
_aNLR _j38.54.2.34 |
||
| 899 |
_aRuMoRGB _jC 29/339 |
||
| 899 |
_aRuMoRGB _jU 465/49 |
||
| 899 | _aБАН | ||
| 942 | _cBOOK | ||
| 980 | _aNB | ||